Sociology : The essentials /

में बचाया:
ग्रंथसूची विवरण
मुख्य लेखक: Andersen, Margaret L.
अन्य लेखक: Logio, Kim A., Taylor, Howard F.
स्वरूप: Sách giấy
भाषा:English
प्रकाशित: Boston, MA. : Cengage Learning, 2017.
संस्करण:9th ed.
विषय:
टैग : टैग जोड़ें
कोई टैग नहीं, इस रिकॉर्ड को टैग करने वाले पहले व्यक्ति बनें!
Thư viện lưu trữ: Thư viện Trường Đại học Đà Lạt
LEADER 00886nam a2200361 4500
001 DLU190189618
005 ##20190307
020 # # |a 9781305503083 
040 # # |a DLU  |b vie 
041 # # |a eng 
044 # # |a uk 
082 # # |a 301  |b AN-M 
100 # # |a Andersen, Margaret L. 
245 # # |a Sociology :  |b The essentials /  |c Margaret L. Andersen, Howard F. Taylor, Kim A. Logio. 
250 # # |a 9th ed. 
260 # # |a Boston, MA. :  |b Cengage Learning,  |c 2017. 
300 # # |a xxi, 459 p. :  |b ill ;  |c 28 cm. 
504 # # |a Includes name index. 
650 # # |a Sociology. 
700 # # |a Logio, Kim A. 
700 # # |a Taylor, Howard F. 
923 # # |a 05/2018 
991 # # |a SH 
992 # # |a 3585305 
993 # # |a 2017 
994 # # |a DLU 
900 # # |a True 
911 # # |a Nguyễn Thanh Hương 
925 # # |a G 
926 # # |a A 
927 # # |a SH 
980 # # |a Thư viện Trường Đại học Đà Lạt